Profesionálna príprava sestier = Professional preparation of nurses /

Saved in:
Bibliographic Details
Main Authors: Lepiešová, Martina (Author), Čáp, Juraj (Author)
Format: Book
Language:English
Published: Martin : Jessenius Faculty of Medicine 2010
Edition:[1. vyd.]
Subjects:
ISBN:9788088866763
Online Access: Get full text
Tags: Add Tag
No Tags, Be the first to tag this record!

MARC

LEADER 00000nam a2200000 4500
003 SK-BrCVT
005 20220621163449.0
008 100809s2010 xo e ||||||eng d
020 |a 9788088866763 
035 |a CVTIDW0001703 
040 |b slo  |a CVTI SR  |e AACR2 
041 0 |a eng 
044 |a xo 
080 |a 616-083  |2 UDC-MRF 
080 |a 364-783  |2 UDC-MRF 
080 |a 377  |2 UDC-MRF 
100 1 |a Lepiešová, Martina  |4 aut 
245 1 0 |a Profesionálna príprava sestier =  |b Professional preparation of nurses /  |c Authors: Martina Lepiešová, Juraj Čáp ... [et al.] 
250 |a [1. vyd.] 
260 |c 2010  |a Martin :  |b Jessenius Faculty of Medicine 
300 |a 111 s. :  |b fotogr., lit., tab. ; 
500 |a Comenius University in Bratislava 
653 1 |a ošetrovateľstvo 
653 1 |a opatrovateľstvo 
653 1 |a profesijná príprava 
700 1 |a Čáp, Juraj  |4 aut 
910 |b A611320 
919 |a 978-80-88866-76-3 
959 |a 56 
974 |a Jelinkova  |f Knihy 
992 |a AZN 
999 |c 157055  |d 157055